Sociální psychologie

Bibliographic Details
Main Author: Janoušek, Jaromír, 1931- (Author)
Format: Book
Language:Undetermined
PhysicalDescription:135 s.
Published: Praha Státní pedagogické nakladatelství 1984

MARC

LEADER 00000nam a2200000 a 4500
001 vtls001262271
003 SK-MaSNL
005 20260416165337.0
008 240315s1984 xx 0 und
035 |a SNK000213156 
040 |a SNK  |b slo  |c SNK  |e AACR2 
100 1 |a Janoušek, Jaromír,  |d 1931-  |4 aut  |9 106386 
245 1 |a Sociální psychologie 
260 |a Praha  |b Státní pedagogické nakladatelství  |c 1984 
300 |a 135 s. 
958 |a OND 
999 |c 970388  |d 972318 
952 |t P60, <04>, [BOOK], {604}  |a SNK  |b SNK  |y VYP  |7 0  |p 17A0010788  |o snkIB 52604/1  |0 0  |1 0  |4 0  |d 1996-09-30  |l 0  |r 2005-01-01 00:00:00  |w 2026-02-24 
952 |t P60, <04>, [BOOK], {604}  |a SNK  |b SNK  |y VYP  |7 0  |p 17A0065241  |o snkIB 52604/1 D1  |0 0  |1 1  |4 0  |d 1997-05-13  |l 0  |r 2005-01-01 00:00:00  |w 2026-02-24